Prénoms en B les plus donnés par décennies - Statistiques

Statistiques générales
  • Ce quiz a été pris 1 011 fois
  • Le résultat moyen est 62 sur 120
Statistiques - réponses
% Correct
Garçons 1900-1909 | Garçons 1910-1919 | Garçons 1920-1929 | +5 others Bernard
84%
Filles 1930-1939 | Filles 1940-1949 | Filles 1950-1959 | +3 others Béatrice
72%
Garçons 1900-1909 | Garçons 1910-1919 | Garçons 1920-1929 | +5 others Baptiste
71%
Garçons 1990-1999 | Garçons 2000-2009 | Garçons 2010-2019 Bastien
68%
Garçons 1920-1929 | Garçons 1930-1939 | Garçons 1940-1949 | +3 others Bertrand
67%
Filles 1900-1909 | Filles 1910-1919 | Filles 1920-1929 | +4 others Bernadette
64%
Garçons 1900-1909 | Garçons 1910-1919 | Garçons 1940-1949 | +6 others Benjamin
63%
Garçons 1900-1909 | Garçons 1910-1919 | Garçons 1920-1929 | +7 others Benoît
62%
Filles 1920-1929 | Filles 1930-1939 | Filles 1940-1949 | +3 others Brigitte
61%
Garçons 1920-1929 | Garçons 1930-1939 | Garçons 1940-1949 | +4 others Bruno
58%
Garçons 2010-2019 Basile
48%
Filles 1990-1999 | Filles 2000-2009 | Filles 2010-2019 Bérénice
45%
Garçons 1960-1969 | Garçons 1980-1989 Brice
44%
Filles 1900-1909 | Filles 1910-1919 | Filles 1920-1929 | +3 others Blanche
43%
Filles 1970-1979 | Filles 1980-1989 | Filles 1990-1999 | Filles 2000-2009 Barbara
39%
Filles 1950-1959 | Filles 1960-1969 | Filles 1970-1979 | +2 others Benedicte
35%
Filles 1940-1949 | Filles 1950-1959 | Filles 1960-1969 | +4 others Blandine
33%
Filles 1900-1909 | Filles 1910-1919 | Filles 1920-1929 | +2 others Berthe
27%
Garçons 2000-2009 | Garçons 2010-2019 Bilal
26%
Garçons 1990-1999 | Garçons 2000-2009 Bryan
25%
Filles 2010-2019 Bianca
24%
Filles 2000-2009 | Filles 2010-2019 Bertille
20%
Filles 2010-2019 Brune
20%
Filles 1980-1989 Betty
18%
Filles 1990-1999 Brenda
16%
Garçons 1900-1909 | Garçons 1910-1919 Barthelemy
15%
Filles 1900-1909 | Filles 1910-1919 | Filles 1920-1929 Baptistine
5%
Filles 1900-1909 | Filles 1910-1919 Barbe
4%
Aucun quiz correspondant
Distribution des résultats
% des personnes avec chaque résultat
Percentile par nombre de réponses
Votre historique - résultats
Vous n’avez pas pris ce quiz